Statistics for WW2 RAF planes

Click here to take the quiz!

General Stats

  • This quiz has been taken 118 times
  • The average score is 3 of 8

Answer Stats

HintAnswer% Correct
1Supermarine Spitfire
96%
2Hawker Hurricane
87%
3Avro Lancaster
72%
6de Havilland Mosquito
45%
4Supermarine Seafire
15%
5boulton paul defiant
10%
8Avro Manchester Mk IA
1%
7Brewster Buffalo Mk I
1%

Score Distribution

Percentile by Number Answered

Percent of People with Each Score

Your Score History

You have not taken this quiz